| Registos Bibliográficos associados ao registo de autoridade |
|
Etiqueta de registo: 00000nam 2200025 450 001 2284551 003 http://id.bnportugal.gov.pt/bib/catbnp/2284551 010 ## $a978-989-35701-2-8 021 ## $aPT$b559273/26 100 ## $a20260416d2026 m d0pory01030103ba 101 1# $apor$aeng 102 ## $aPT 105 ## $aa b 000yy 106 ## $ar 200 1# $aNo feeling is final - João Motta Guedes$ftextos Sara Antónia de Matos... [et al.]$gfot. Bruno Lopes$gtrad. Patrícia Azevedo da Silva 210 #9 $aLisboa$cGalerias Municipais,$dcop. 2026 215 ## $a63, [1] p.$cil.$d23 cm 305 ## $aEd. bilingue em português e inglês 675 ## $a73/748Guedes, João Motta(083.82)$vBN$zpor$31997747 675 ## $a748(=1:469)"20"(083.82)$vBN$zpor$31765877 675 ## $a73.038.5(=1:469)"20"(083.82)$vBN$zpor$31872701 675 ## $a73/748Guedes, João Motta(042)$vBN$zpor$31997748 701 #1 $aMatos,$bSara Antónia,$f1978-$4070$31253962 702 #1 $aGuedes,$bJoão Motta$4040$31995953 702 #1 $aLopes,$bBruno,$f1985-$4600$31392251 702 #1 $aSilva,$bPatrícia Azevedo,$f1977-$4730$31412717 801 #0 $aPT$bBN$gRPC 856 41 $uhttp://rnod.bnportugal.gov.pt/ImagesBN/winlibimg.aspx?skey=&doc=2284551&img=222173&save=true 900 ## $aBIBNAC$d20260515 966 ## $lBN$mFGMON$sB.A. 53768 V.$x1 966 ## $lBN$mFGMON$sB.A. 53768 V.-D$x1 971 ## $ccsilva$d20260416 972 ## $e0$z0$d20260515$vasantos 973 ## $ctrodrigues$d20260506
|
|
|